| 000 | 00836nam a22002177a 4500 | ||
|---|---|---|---|
| 999 |
_c20465 _d20465 |
||
| 003 | AR-CdUCM | ||
| 008 | 190530b ||||| |||| 00| 0 spa d | ||
| 040 |
_aMUNICIPALIDAD PROVINCIAL DEL CUSCO _cBIBLIOTECA MUNICIPAL DEL CUSCO |
||
| 082 |
_a573.9 / _bV19 |
||
| 100 |
_aValdivia Vera, Luis _942793 |
||
| 245 | _aOdonto antropología peruana / | ||
| 260 |
_aLima : _bMinisterio de la Presidencia : _bCONCYTEC, _c1988. |
||
| 300 |
_a455 páginas ; _bFotografías, _c21 cm. |
||
| 440 |
_aConcytec _942794 |
||
| 505 | _aContenido: Anomalías de posición -- Anomalías de constitución y paleopatologia dentomaxilar en cráneos de antiguos peruanos -- Odonto osteologia cultural. | ||
| 650 |
_aDientes _934949 |
||
| 650 |
_aAntropología _9878 |
||
| 650 |
_aÉpoca Prehispánica _92714 |
||
| 942 |
_2ddc _cLIBROS |
||
| 945 |
_adavv _d2019-05-30 |
||